Marketing platebních karet

Vývoj reklamy kreditných kariet. Globálny marketing bankových kariet. Ziskovosť kreditných kariet v USA.

Na minha lista:
Detalhes bibliográficos
Autor principal: Juřík, Pavel
Formato: Capítulo de Livro
Idioma:tcheco
Assuntos:
Tags: Adicionar Tag
Sem tags, seja o primeiro a adicionar uma tag!

MARC

LEADER 00000naa$a2200000$$$4500
001 0029868
005 20231010083920.4
041 0 |a cze 
044 |a CZ 
245 1 0 |a Marketing platebních karet  |c Pavel Juřík 
520 |a Vývoj reklamy kreditných kariet. Globálny marketing bankových kariet. Ziskovosť kreditných kariet v USA. 
610 2 0 |a banky 
610 2 0 |a karty platobné 
610 2 0 |a karty čipové 
610 2 0 |a reklama 
610 2 0 |a história 
610 2 0 |a marketing 
610 2 0 |a bankomaty 
610 2 0 |a klienti 
610 2 0 |a zisk 
610 2 0 |a USA 
100 1 |a Juřík, Pavel